000 01057nam a2200217Ii 4500
003 JO-AjNU
008 230605s9999||||xx |||||||||||||| ||und||
017 _a1995/10/1129
040 _aJO-AjNU
_bara
_erda
_cJO-AjNU
041 _aara
050 1 4 _aKMM49.F3788.1998
100 3 _aالفضل ، منذر,
_eauthor
_931228
245 0 0 _aالنظرية العامة للالتزامات في القانون المدني : دراسة مقارنة بين الفقه الاسلامي والقوانين المدنية الوضعية
250 _a(د،ط)
264 3 1 _aعمان : دار الثقافة ، 1998
300 _a306ص
_bيشتمل على المراجع ص ( 301 - 302 ) / الجزء الثاني ( احكام الالتزام )
336 _atext
_btxt
_2rdacontent
337 _aunmediated
_bn
_2rdamedia
338 _avolume
_bnc
_2rdacarrier
650 4 _aالقانون المدني -- الأردن -- العقود (فقه إسلامي) -- الالتزامات -- الأردن -- العقود (قانون مدني) -- الأردن
_931229
999 _aA12468
_c16036
_d16036